Online
Catalog

Entrevista con el vampiro / (Record no. 13930)

MARC details
000 -CABECERA
campo de control de longitud fija 00941nam a2200289 a 4500
001 - NÚMERO DE CONTROL
campo de control 000014338
005 - FECHA Y HORA DE LA ÚLTIMA TRANSACCIÓN
campo de control 20200929163559.0
008 - DATOS DE LONGITUD FIJA--INFORMACIÓN GENERAL
campo de control de longitud fija 091209s2000 sp 000 f spa d
020 ## - NÚMERO INTERNACIONAL ESTÁNDAR DEL LIBRO
Número Internacional Estándar del Libro 8495501252
040 ## - FUENTE DE LA CATALOGACIÓN
Centro catalogador/agencia de origen DO-SdBNP
Lengua de catalogación spa
Centro/agencia transcriptor BNPHU
041 17 - CÓDIGO DE LENGUA
Código de lengua del texto/banda sonora o título independiente spa
Código de lengua original eng
Fuente del código Código de idioma MARC
082 ## - NÚMERO DE LA CLASIFICACIÓN DECIMAL DEWEY
Número de clasificación 813.54
Número de documento/Ítem R495e, 2000
049 ## - FONDOS LOCALES (OCLC)
Fondos de biblioteca BNGR
100 1# - ENTRADA PRINCIPAL--NOMBRE DE PERSONA
Nombre de persona Rice, Anne,
Fechas asociadas al nombre 1941-
9 (RLIN) 11630
240 10 - TÍTULO UNIFORME
Título uniforme Interview with the vampire.
Lenguaje de la obra Español
245 10 - MENCIÓN DE TÍTULO
Título Entrevista con el vampiro /
Mención de responsabilidad, etc. Anne Rice ; traducción de Marcelo Covián.
250 ## - MENCIÓN DE EDICIÓN
Mención de edición 3a ed.
260 ## - PUBLICACIÓN, DISTRIBUCIÓN, ETC.
Lugar de publicación, distribución, etc. [Madrid] :
Nombre del editor, distribuidor, etc. Suma de Letras,
Fecha de publicación, distribución, etc. 2000.
300 ## - DESCRIPCIÓN FÍSICA
Extensión 463 p. ;
Dimensiones 18 cm.
490 1# - MENCIÓN DE SERIE
Mención de serie Punto de lectura
Designación de volumen o secuencia 26/1
534 ## - NOTA SOBRE LA VERSIÓN ORIGINAL
Frase introductoria Título original en inglés:
Mención de título del original Interview with the vampire
Publicación, distribución, etc. del original 1976
650 #4 - PUNTO DE ACCESO ADICIONAL DE MATERIA--TÉRMINO DE MATERIA
Término de materia o nombre geográfico como elemento de entrada Novela estadounidense
9 (RLIN) 262
650 #4 - PUNTO DE ACCESO ADICIONAL DE MATERIA--TÉRMINO DE MATERIA
Término de materia o nombre geográfico como elemento de entrada Literatura estadounidense
9 (RLIN) 263
700 1# - PUNTO DE ACCESO ADICIONAL--NOMBRE DE PERSONA
Nombre de persona Covián, Marcelo,
Término indicativo de función/relación tr.
9 (RLIN) 32353
830 #0 - PUNTO DE ACCESO ADICIONAL DE SERIE-TÍTULO UNIFORME
Título uniforme Punto de lectura ;
Designación de volumen o secuencia 26/1
9 (RLIN) 3047
910 ## - DATOS DE OPCIÓN DEL USUARIO (OCLC)
Datos de opción del usuario WM
Holdings
Estado de retiro Estado de pérdida Restricciones de uso No para préstamo Código de colección Localización permanente Ubicación/localización actual Ubicación en estantería Fecha de adquisición Número de inventario Total de préstamos Signatura topográfica completa Código de barras Fecha visto por última vez Precio válido a partir de Tipo de ítem Koha
    Préstamo interno   Monografías: Libros y Folletos General General Depósito 09.12.2009 LF1   813.54 R495e, 2000 14338-10 25.06.2020 25.06.2020 Préstamo interno

Powered by Koha